[Event "Chennai op 14th"]
[Site "Chennai"]
[Date "2023.12.31"]
[Round "1"]
[White "Viani, Antonio Dcunha"]
[Black "Rachishnu, Datta"]
[Result "1-0"]
[WhiteElo "2407"]
[BlackElo "1485"]
[PlyCount "77"]
[EventDate "2023.12.31"]
[EventType "swiss"]
[EventRounds "10"]
[EventCountry "IND"]
[SourceTitle "CBM 218 Extra"]
[Source "ChessBase"]
[SourceDate "2024.03.31"]
[SourceVersion "1"]
[SourceVersionDate "2024.03.31"]
[SourceQuality "1"]

1. d4 d5 2. c4 e6 3. Nf3 c6 4. Nc3 Bd6 5. e4 dxe4 6. Nxe4 Bb4+ 7. Bd2 Bxd2+ 8. Qxd2 Nf6 9. Bd3 Nxe4 10. Bxe4 Nd7 11. 0-0 0-0 12. Rad1 a5 13. Rfe1 Nf6 14. Bc2 b5 15. c5 Qd5 16. Bb3 Qd8 17. Ne5 Bb7 18. Re3 Nd7 19. Qe2 Nxe5 20. dxe5 Qe7 21. Rd6 Rfd8 22. Bc2 Qg5 23. h4 Qe7 24. Qh5 g6 25. Qh6 Rxd6 26. cxd6 Qf8 27. Qg5 Qd8 28. Qf4 c5 29. h5 Bd5 30. Rh3 Qf8 31. Qh4 Qg7 32. f4 Ra7 33. hxg6 fxg6 34. Bxg6 hxg6 35. Qd8+ Kf7 36. d7 Ra8 37. Qxa8 Bxa8 38. d8Q Bd5 39. Rh8 1-0

[Event "Bhubaneswar op-A 14th"]
[Site "Bhubaneswar"]
[Date "2023.06.15"]
[Round "7"]
[White "Rachishnu, Datta"]
[Black "Aniket, Narayan Biswas"]
[Result "0-1"]
[WhiteElo "1495"]
[BlackElo "1724"]
[PlyCount "31"]
[EventDate "2023.06.11"]
[EventType "swiss"]
[EventRounds "10"]
[EventCountry "IND"]
[SourceTitle "CBM 214 Extra"]
[Source "ChessBase"]
[SourceDate "2023.07.31"]
[SourceVersion "1"]
[SourceVersionDate "2023.07.31"]
[SourceQuality "1"]

1. e4 c5 2. Nc3 Nc6 3. Bc4 g6 4. d3 Bg7 5. a3 e6 6. Ba2 Nge7 7. Nf3 d5 8. 0-0 0-0 9. Re1 a6 10. exd5 exd5 11. Bg5 f6 12. Bf4 b5 13. Ne5 Be6 14. Rb1 Rc8 15. Qd2 d4 16. Bxe6+ 0-1